Cultura Geral - Statistics

Estatísticas Gerais
  • Esse quiz foi jogado 44 vezes
  • A pontuação média é 5 de 15
Estatísticas das Respostas
Hint Resposta % Correto
Em que país podemos encontrar a cidade do Cairo? Egito
88%
Em que país nasceu a cantora Mariah Carey? Estados Unidos
85%
Que famosa marca de carros elétricos começa com a letra T? Tesla
68%
Nos desenhos animados como se chama o irmão do Phineas? Ferb
65%
Em que país podemos encontrar a sede da empresa Nokia? Finlândia
41%
Que nome se dá ao síndrome onde os reféns gostam dos raptores? Estocolmo
29%
Que cordilheira divide a Europa e a Ásia? Urais
29%
Completa a frase:"Me ______, you Jane" Tarzan
26%
Em que país podemos encontrar Loeches? Espanha
21%
Que nome se dá a uma extensão de terra cercada por água em todos os lados? Península
21%
Que tipo de animal são Chip e Dale? Esquilos
15%
Que recipiente de cozinha chinesa começa com a letra W? Wok
15%
Qual é o hino do Conselho Europeu e da União Europeia? Hino à Alegria
9%
Quem é a protagonista do livro "Orgulho e Preconceito"? Elizabeth Bennet
6%
O que os ingleses costumam comer com o chá? Scone
6%
Nenhum quiz correspondente encontrado
Distribuição das Pontuações
Porcentagem de Pessoas com Cada Pontuação
Percentil de Números Respondidos
Sua Pontuação Histórica
Você não jogou esse quiz